LEADER 00812nam0-22002891i-450- 001 990003078080403321 010 $a2-08-064452-1 035 $a000307808 035 $aFED01000307808 035 $a(Aleph)000307808FED01 035 $a000307808 100 $a20000920d1982----km-y0itay50------ba 101 0 $afre 102 $aIT 200 1 $a<>féminité neutralisée?$eLes Femmes cadres dans l'entreprise$fJacqueline Huppert-Laufer 210 $aParis$cErnest Flammarion$d1982 215 $a293 p.$d24 cm 225 1 $aVisages de l'entreprise 676 $a18240 702 1$aLaufer,$bJacqueline 801 0$aIT$bUNINA$gRICA$2UNIMARC 901 $aBK 912 $a990003078080403321 952 $a18240 HUP$b12374/I$fSES 959 $aSES 996 $aFéminité neutralisée$9460266 997 $aUNINA